La lucha contra los monopolios / (Record no. 17955)

MARC details
000 -LEADER
campo de control de longitud fija 00644nam a2200217 i 4500
001 - NÚMERO DE CONTROL
campo de control 17955
003 - IDENTIFICADOR DE NÚMERO DE CONTROL
campo de control ES-MaACL
005 - FECHA Y HORA DE LA ÚLTIMA TRANSACCIÓN
campo de control 20250809063451.0
007 - CAMPO FIJO DE DESCRIPCIÓN FÍSICA--INFORMACIÓN GENERAL
campo de control de longitud fija t|
008 - DATOS DE LONGITUD FIJA--INFORMACIÓN GENERAL
campo de control de longitud fija 010628s1961 sp |||| | spa d
080 ## - NÚMERO DE LA CLASIFICACIÓN DECIMAL UNIVERSAL
Número de la Clasificación Decimal Universal 338.8(04)
100 1# - ENTRADA PRINCIPAL--NOMBRE DE PERSONA
Nombre de persona Tamames, Ramón,
Fechas asociadas al nombre 1933-
9 (RLIN) 237391
245 13 - MENCIÓN DEL TÍTULO
Título La lucha contra los monopolios /
Mención de responsabilidad, etc. Ramón Tamames.
260 ## - PUBLICACIÓN, DISTRIBUCIÓN, ETC.
Lugar de publicación, distribución, etc. Madrid :
Nombre del editor, distribuidor, etc. Tecnos,
Fecha de publicación, distribución, etc. [1961]
300 ## - DESCRIPCIÓN FÍSICA
Extensión 272 p., 2 h. pleg. ;
Dimensiones 24 cm.
490 1# - MENCIÓN DE SERIE
Mención de serie Semilla y surco ;
Designación de volumen o secuencia 17
650 14 - PUNTO DE ACCESO ADICIONAL DE MATERIA--TÉRMINO DE MATERIA
Término de materia o nombre geográfico como elemento de entrada Monopolios.
9 (RLIN) 15171
830 0# - PUNTO DE ACCESO ADICIONAL DE SERIE-TÍTULO UNIFORME
Título uniforme Semilla y surco
Designación de volumen o secuencia 17
9 (RLIN) 177965
852 ## - LOCALIZACIÓN
Ubicación ES-MaACL
Número de control de estantería AND-39
Nota libre . - Biblioteca Juan Andrade
Holdings
Estatus retirado Estado de pérdida Estado de daño No para préstamo Biblioteca de origen Biblioteca actual Ubicación en estantería Fecha de adquisición Fuente de adquisición Total de préstamos Signatura topográfica completa Código de barras Visto por última vez Precio de reemplazo Tipo de ítem Koha
        Biblioteca del Ateneo de Madrid Biblioteca del Ateneo de Madrid Depósito 2 17/01/2008     AND-39 1018346 23/02/2023 23/02/2023 Libro impreso